000 00673nam a2200217 i 4500
001 bg
100 1 _aSuprewicz, Jerzy Czesław.
245 0 _aSocjologia turystyki /
_cJerzy Czesław Suprewicz.
260 _aLublin :
_bWydawnictwo Akademickie Wyższej Szkoły Społeczno-Przyrodniczej,
_c2005.
300 _a366 s. ;
_c24 cm.
650 9 _aTurystyka
_xsocjologia
020 _a8392028155
040 _cBPK
041 0 _apol
044 _apol
080 _a338.482:316
920 _a83-920281-5-5
942 _cKS
008 s pl f |000 0 pol
999 _c54031
_d54031
856 _uhttp://koha.tu.koszalin.pl/cgi-bin/koha/opac-detail.pl?biblionumber=54031
_yKatalog online BPK